Collision theory / (Record no. 9043)
[ view plain ]
| 000 -LEADER | |
|---|---|
| fixed length control field | 00817nam a2200265 a 4500 |
| 001 - CONTROL NUMBER | |
| control field | 9043 |
| 003 - CONTROL NUMBER IDENTIFIER | |
| rucl marc code | BD-RjUL |
| 005 - DATE AND TIME OF LATEST TRANSACTION | |
| control field | 20211208234715.0 |
| 008 - FIXED-LENGTH DATA ELEMENTS--GENERAL INFORMATION | |
| fixed length control field | 140120s1964 enka b 001 0 eng |
| 035 ## - SYSTEM CONTROL NUMBER | |
| System control number | (BD-RjUL) 9088 |
| 040 ## - CATALOGING SOURCE | |
| Original cataloging agency | DLC/ICU |
| Transcribing agency | ICU |
| Modifying agency | DLC |
| -- | BD-RjUL |
| Language of cataloging | eng |
| 041 ## - LANGUAGE CODE | |
| Language code of text/sound track or separate title | eng |
| 082 00 - DEWEY DECIMAL CLASSIFICATION NUMBER | |
| Classification number | 539.757 |
| Edition number | 23 |
| Author mark and year | GOC 1967 |
| 100 1# - MAIN ENTRY--PERSONAL NAME | |
| Personal name | Goldberger, Marvin L. |
| 9 (RLIN) | 28072 |
| 245 10 - TITLE STATEMENT | |
| Title | Collision theory / |
| Statement of responsibility, etc. | Marvin L. Goldberger [and] Kenneth M. Watson. |
| 260 ## - PUBLICATION, DISTRIBUTION, ETC. (IMPRINT) | |
| Place of publication, distribution, etc. | New York : |
| Name of publisher, distributor, etc. | Wiley, |
| Date of publication, distribution, etc. | c1964 [Printing 1967]. |
| 300 ## - PHYSICAL DESCRIPTION | |
| Pagination | ix, 919 p. : |
| Illustrations | ill. ; |
| Size | 24 cm. |
| 500 ## - GENERAL NOTE | |
| General note | Includes index |
| 650 #0 - SUBJECT ADDED ENTRY--TOPICAL TERM | |
| Topical term or geographic name as entry element | Collisions theory |
| 9 (RLIN) | 25786 |
| Topical term or geographic name as entry element | Scattering (Physics) |
| 9 (RLIN) | 19737 |
| 700 1# - ADDED ENTRY--PERSONAL NAME | |
| Personal name | Watson, Kenneth M., |
| Relator term | joint author. |
| 942 ## - ADDED ENTRY ELEMENTS (KOHA) | |
| Source of classification or shelving scheme | Dewey Decimal Classification |
| Koha item type | Books |
| Lost status | Source of classification or shelving scheme | Damaged status | Not for loan | Collection code | Permanent Location | Current Location | Shelving location | Date acquired | Source of acquisition | Cost, normal purchase price | Total Checkouts | Full call number | Date last seen | Copy number | Koha item type |
|---|---|---|---|---|---|---|---|---|---|---|---|---|---|---|---|
| Dewey Decimal Classification | Non-fiction | Central Library, University of Rajshahi | Central Library, University of Rajshahi | 09/11/1973 | U.S. Govt. | 0.00 | 539.757 GOC 1967 | 20/01/2014 | C-3 | Books | |||||
| Dewey Decimal Classification | Non-fiction | Central Library, University of Rajshahi | Central Library, University of Rajshahi | 09/11/1973 | U.S.Govt. | 539.757 GOC 1967 | 04/10/2016 | C-2 | Books | ||||||
| Dewey Decimal Classification | Not For Loan | Non-fiction | Central Library, University of Rajshahi | Central Library, University of Rajshahi | Reading Room | 09/11/1973 | U.S. Govt. | 539.757 GOC 1967 | 08/05/2017 | C-1 | Books | ||||
| Dewey Decimal Classification | Non-fiction | Central Library, University of Rajshahi | Central Library, University of Rajshahi | 09/11/1973 | U.S. Govt. | 539.757 GOC 1967 | 08/05/2017 | C-4 | Books | ||||||
| Dewey Decimal Classification | Non-fiction | Central Library, University of Rajshahi | Central Library, University of Rajshahi | 09/11/1973 | U.S. Govt. | 539.757 GOC 1967 | 08/05/2017 | C-5 | Books | ||||||
| Dewey Decimal Classification | Non-fiction | Central Library, University of Rajshahi | Central Library, University of Rajshahi | 09/11/1973 | U.S. Govt. | 539.757 GOC 1967 | 08/05/2017 | C-6 | Books | ||||||
| Dewey Decimal Classification | Non-fiction | Central Library, University of Rajshahi | Central Library, University of Rajshahi | 09/11/1973 | U.S. Govt. | 539.757 GOC 1967 | 08/05/2017 | C-7 | Books | ||||||
| Dewey Decimal Classification | Non-fiction | Central Library, University of Rajshahi | Central Library, University of Rajshahi | 09/11/1973 | U.S. Govt. | 539.757 GOC 1967 | 08/05/2017 | C-8 | Books | ||||||
| Dewey Decimal Classification | Non-fiction | Central Library, University of Rajshahi | Central Library, University of Rajshahi | 09/11/1973 | U.S. Govt. | 539.757 GOC 1967 | 08/05/2017 | C-9 | Books |